Größten Fast-Food Ketten weltweit - Statistiken

Allgemein
  • Dieses Quiz wurde 404 mal gespielt
  • Das Durchschnittsergebnis liegt bei 6 aus 15
Antwortstatistiken
Anzahl weltweit Fast-Food Kette % Korrekt
19.247 Burger King
100%
40.275 McDonald´s
99%
26.934 Kentucky Fried Chicken
90%
37.000 Subway
85%
36.170 Starbucks
53%
18.848 Pizza Hut
50%
7791 Taco Bell
47%
11.300 Dunkin´Donuts
31%
18.381 Domino´s Pizza
14%
10.427 Krispy Kreme
2%
8000 Hunt Brothers Pizza
1%
13.273 Luckin Coffee
1%
36.153 Mixue Ice Cream&Tea
1%
7000 Orange Julius
1%
7000 Dary Queen
0%
Keine übereinstimmenden Quizze gefunden
Verteilung der Resultate
Anzahl Personen mit jedem Resultat
Perzentil nach korrekt beantworteten Fragen
Ihre Resultats-Entwicklung
Sie haben dieses Quiz noch nicht gespielt